| 000 | 00409pab a2200157 454500 | ||
|---|---|---|---|
| 008 | 180718b2007 xxu||||| |||| 00| 0 eng d | ||
| 100 | _aKaur, Swarnjit | ||
| 245 | _aGlobalization and human rights: an alliance for development? | ||
| 260 | _c2007 | ||
| 300 | _ap.73-83. | ||
| 650 | _aGlobalization | ||
| 650 | _aHuman rights | ||
| 773 | _aResearch Journal Social Sciences | ||
| 908 | _aN | ||
| 909 | _a80154 | ||
| 999 |
_c80154 _d80154 |
||